Marketing Research : State-of-the-Art Perspectives : Handbook of the American Marketing Association and the Professional Marketing Research Society /

Tallennettuna:
Bibliografiset tiedot
Päätekijä: Chakrapani, Chuck (ed.)
Aineistotyyppi: Kirja
Kieli:englanti
Julkaistu: Chicago, EUA : American Marketing Association : Professional Marketing Research Society, 2000, c2000
Aiheet:
Tagit: Lisää tagi
Ei tageja, Lisää ensimmäinen tagi!

MARC

LEADER 00000nam^a2200000^a^4500
001 000166553
005 20250521000000.0
009 20260310101056.367
020 |a 0-8775-7283-6 
020 |a 0-920741-15-0 
037 |a Acervo ITESO - Biblioteca 
041 |a ING 
082 |a 658. 83  |b CHA 
100 |a Chakrapani, Chuck  |e (ed.) 
245 1 0 |a Marketing Research :  |b State-of-the-Art Perspectives : Handbook of the American Marketing Association and the Professional Marketing Research Society /  |c Ed. de C. Chakrapani. 
264 4 |a Chicago, EUA :  |b American Marketing Association :  |b Professional Marketing Research Society,  |c 2000, c2000 
300 |a XIV, 666 p. 
336 |a texto  |b txt  |2 rdacontenido 
337 |a sin mediación  |b n  |2 rdamedio 
338 |a volumen  |b nc  |2 rdasoporte 
649 |a XX 
650 |a Precios 
650 |a Publicidad 
650 |a Promoción del Producto 
650 |a Producto (Mezcla de Mercadotecnia) 
650 |a Mezcla de Mercadotecnia 
650 |a Segmentación del Mercado 
650 |a Investigación de Mercado 
650 |a Análisis de Datos 
650 |a Encuesta 
650 |a Recolección de Datos 
650 |a Metodología Cuantitativa 
650 |a Metodología Cualitativa 
650 |a Metodología 
650 |a Mercadotecnia 
650 |a Mercadotecnia -  |x Metodología 
650 |a Ciencias Administrativas 
910 |a Fondo General 
920 |a Impresos - Libros 
930 |a Colección General 
905 |a 101 
901 |a 0500101818  |b IT1  |c ACC  |u 20250521 
902 |a https://opac.biblio.iteso.mx/vufind/Record/000166553